000 00512nam a22001577a 4500
999 _c18410
_d18410
008 200805b xxu||||| |||| 00| 0 eng d
020 _a1138116139
050 _aQA76.9
_b.S63 2010 c.1
245 _aSocial Computing and Virtual Communities
_cEdited by Panayiotis Zaphiris & Chee Siang Ang
260 _aLondon
_bCRC Press
_c2010
300 _axii, 285p.
650 _aHuman computer interraction
650 _aInternet
_vSocial aspects
650 _aComputer networks
_vsocial aspects
942 _2lcc
_cBK